000 01356cam a22002771i 4500
003 SA-RiAUC
005 20250116081613.0
008 250108s1992 jo g 100 0 ara c
040 _aJO-IrJUST
_bara
_cSA-RiAUC
_erda
050 4 _b.N33 1989
082 0 4 _a230.6
090 _a230.6
_b ن د و
111 2 _aندوة السنة النبوية ومنهجها في بناء المعرفة والحضارة
_d(1989 :
_cعمان، الأردن)
245 1 2 _aالسنة النبوية ومنهجها في بناء المعرفة والحضارة /
_cالمجمع الملكي لبحوث الحضارة الإسلامية، بالتعاون مع المعهد للفكر الإسلامي.
264 1 _aعمان، الأردن :
_bالمجمع الملكي لبحوث الحضارة الإسلامية،
_c1992
300 _a2 مجلد؛
_c24 سم.
336 _aنص
_btxt
_2rdacontent
_3كتاب
337 _aبدون وسيط
_bn
_2rdamedia
338 _aمجلد
_bnc
_2rdacarrier
650 7 _aالسنة
_vمؤتمرات
_2aucsh
650 7 _aالحضارة الإسلامية
_2aucsh
710 2 _aالمجمع الملكي لبحوث الحضارة الإسلامية
_eمنظم.
710 2 _aالمعهد العالمي للفكر الإسلامي
_eمنظم.
942 _2ddc
_cBOOK
_n0
949 _aSA-JeALM
_d250108
_umohamedma123
_n1
999 _c4865
_d4865